00821nam a2200229 450000100060000000300080000600500170001400800390003103500190007004000320008904100080012108200210012910000180015024501140016826001120028230000240039449000290041850400410044765000230048865100340051171000460054526578BD-RjUL20211209051033.0140323s1967 enk b 000 0 eng a(BD-RjUL)26648 aDLCcDLCdDLCdBD-RjULbeng aeng00a954.04bTIE 19671 aTinker, Hugh.10aExperiment with freedom :bIndia and Pakistan, 1947 /cHugh Tinker; Royal Institute of International Affairs. aLondon :bissued under the auspices of the Royal Institute of International Affairs by Oxford U.P.,cc1967. ax, 165 p. ;c18 cm.0 aChatham House essays, 16 aIncludes bibliographical references. 0aPakistan movement. 0aIndiaxHistoryy20th century.2 aRoyal Institute of International Affairs.